000 00911nam a2200253Ia 4500
003 OSt
005 20220923220359.0
006 a|||||r|||| 00| 0
007 ta
008 220922b |||||||| |||| 00| 0 hin d
024 _a186,240
037 _cTextual
040 _aARTS
_cARTS
_bhin
041 _2hin
_ahin
082 _aYzjN01, 152M4
100 _aत्रिवेदी, शान्ति लाल, संपा.
_9163612
245 0 _aसरला बहन
_b स्मृति गं्रथ
246 _aSaralā bahana: smṛuti ganratha
260 _aनई दिल्ली
_b लक्ष्मी प्रकाशन
_c1984
300 _a320 पृ.
_ccm.
650 _aभारतीय-लोक साहित्य
942 _hYzjN01, 152M4
_cTEXL
_2CC
999 _c339485
_d339485